| 000 | 005230000a22001810004500 | ||
|---|---|---|---|
| 003 | MACL | ||
| 005 | 20160416165506.0 | ||
| 008 | 160416b xxu||||| |||| 00| 0 eng d | ||
| 040 |
_aMACL _cMACL |
||
| 041 | _aHindi | ||
| 082 | _a891.433 SAH | ||
| 100 |
_aसहगल नयनतारा _952543 |
||
| 245 | _aहम अमीर लोग | ||
| 260 |
_bसाहित्य अकादेमी _c2000 _aनई दिल्ली |
||
| 350 | _a150 | ||
| 650 |
_aNovel _952544 |
||
| 942 |
_cHIN _k800/SAH/N _2ddc |
||
| 999 |
_c11056 _d11056 |
||